=LDR 00000nam 2200000 4500 =001 INLIS000000000020592 =005 20130612115536 =008 ***********************************Ind** =035 ##$$0010-061300000020592 =041 ##$$a Ind =082 ##$$a 813 =090 ##$$a 813, Tak r =100 ##$$a Takwin, Bagus =245 ##$$a Rhapsody ingatan, Bagus Takwin =260 ##$$a 2005 $b Jakarta =300 ##$$a x, 84 hlm, 20 cm =650 ##$$a Kesusastraan =850 ##$$a NBPNMAT =990 ##$$a 0237/BPAP-NTB/2015 =990 ##$$a 0001/BPAP-NTB/2016